| 000 | 00854nam a2200277 i 4500 | ||
|---|---|---|---|
| 001 | bgj | ||
| 100 | 1 | _aFOWLER, Roger. | |
| 245 | 1 | 0 |
_aLanguage in the news : _bdiscourse and ideology in the Press / _cRoger Fowler. |
| 250 | _areprint. | ||
| 260 |
_aLondon ; _aNew York : _bRoutledge, _c1998. |
||
| 300 |
_aX, 254 pp : _bdrawings ; _c22 cm. |
||
| 500 | _a1st published in 1991. | ||
| 504 | _aBibliography p. 235-250. | ||
| 505 | _aIncludes index. | ||
| 650 | 9 |
_aMass media _xLinguistic aspects |
|
| 650 | 9 |
_aBritish newspapers _xLanguage |
|
| 650 | 9 |
_aEnglish language _xDiscourse analysis |
|
| 650 | 9 |
_aEnglish language _xSocial aspects _zGreat Britain |
|
| 651 | 9 |
_aGreat Britain _xLanguage |
|
| 020 | _a0415014190 | ||
| 040 | _cBPK | ||
| 041 | 0 | _aeng | |
| 920 | _a0-415-01419-0 | ||
| 942 | _cKS | ||
| 008 | s uk f |000 0 eng | ||
| 999 |
_c49262 _d49262 |
||
| 856 |
_uhttp://koha.tu.koszalin.pl/cgi-bin/koha/opac-detail.pl?biblionumber=49262 _yKatalog online BPK |
||